|
|
|
|
| LEADER |
00000cam a2200000 7i4500 |
| 001 |
0000000464 |
| 005 |
20000822.0 |
| 020 |
0 |
0 |
|a 9836215247
|
| 090 |
0 |
0 |
|a 778.35
|b LOW 1991
|
| 100 |
1 |
0 |
|a LOW
|h C. P.
|
| 245 |
1 |
0 |
|a Penggunaan fotografi udara dalam geografi
|c C. P. Low, penterjemah, Zakaria Awang Soh dan Khairulmaini Osman Salleh
|
| 260 |
0 |
0 |
|a Kuala Lumpur :
|b DBP ,
|c 1991
|
| 300 |
|
|
|a ix, 220 p. :
|b ill., plates ;
|c 24 cm.
|
| 500 |
0 |
0 |
|a Includes index
|
| 650 |
0 |
0 |
|a Aerial photography in geography
|
| 700 |
0 |
1 |
|a Khairulmaini Osman Salleh
|
| 700 |
0 |
1 |
|a ZAKARIA Awang Soh ,
|c 1941-
|
| 999 |
|
|
|a 0000001622
|b Monograph
|c Open Shelf
|e Default branch
|